| 000 | 02415nam0a2200433 4500 | ||
|---|---|---|---|
| 001 | RU\NLR\BIBL_A\022660368 | ||
| 005 | 20260524043433.0 | ||
| 010 |
_a978-5-906941-99-2 _930 000 |
||
| 021 |
_aRU _bКН-П-25-057560 _9КН-П-25-5542 |
||
| 035 | _a(NLR Aleph) 022660368 | ||
| 090 |
_a13708971 _c13708971 |
||
| 100 | _a20251106d2025 u y0rusy50 ca | ||
| 101 | 1 |
_arus _ceng |
|
| 102 | _aRU | ||
| 105 | _aa z 000zy | ||
| 181 | 0 |
_ai _baxxe |
|
| 182 | 0 | _an | |
| 200 | 1 |
_aСознание Кришны. Высшая система йоги _e[перевод с английского] _fЕго Божественная Милость А. Ч. Бхактиведанта Свами Прабхупада ачарья-основатель Международного общества сознания Кришны |
|
| 203 |
_aТекст _bвизуальный _cнепосредственный |
||
| 210 |
_aМосква _cThe Bhaktivedanta book trust (Фонд "Бхактиведанта") _d2025 |
||
| 215 |
_a93, [1] с. _cил. _d20 |
||
| 300 | _aВ макете и вып. дан. загл. незнач. изменено: Сознание Кришны – высшая система йоги | ||
| 300 | _aВ аннот.: Ориг. изд. подгот. Хаягривой дасом (д-ром философии Г. Вилером) на основе лекций по "Бхагавад-гите" и "Шримад-Бхагаватам", прочит. в период с 1966 по 1971 гг. | ||
| 320 | _aДругие тр. авт. на 2-й с. | ||
| 500 | 1 | 0 |
_aМахабхарата _iБхагавадгита _92631163 _3RU\NLR\AUTH\559115 |
| 500 | 1 | 0 |
_aПураны _iБхагавата-пурана _92631278 _3RU\NLR\AUTH\559258 |
| 517 | 1 | _aВысшая система йоги | |
| 606 | 1 |
_aБхакти-йога _92661790 _3RU\NLR\AUTH\6601749817 |
|
| 606 | 1 |
_aКришнаизм _91203333 _3RU\NLR\AUTH\66487468 |
|
| 686 | 2 | _aЭ331-4-340.2 | |
| 686 | 2 | _aЭ331.8 | |
| 700 | 0 |
_7ca _8rus _aА. Ч. Бхактиведанта Свами Прабхупада _f1896-1977 _9245957 _3RU\NLR\AUTH\770246013 |
|
| 702 | 1 |
_4220 _7ca _8rus _aВилер _bГ. _f1940-1989 _gГовард _9271610 _3RU\NLR\AUTH\770271666 |
|
| 942 | _cBOOK | ||
| 980 | _aNB | ||